000 nam a22 a 4500
999 _c61580
_d61580
003 BLK
005 20221024170307.0
008 180408b bul|||||r ||||||| ||bul||
010 _aKNG00065782000
040 _aBLK
041 _aBUL
_cBUL
080 _aИстория на Втората световна война (1939-1945)
_b940.53
_z940.53
139 _aИстория на Втората световна война
_bИ 95
245 1 0 _aИстория на Втората световна война
_b1939-1945 : Т. 1 - 12
_cглав. ред. Д. Ф. Устинов.
_nТ. 12
_pРезултати и уроци от Втората световна война
257 _aRUS
260 _aСофия
_bВоен. изд.
_c1976 - 1985
300 _c25 см
380 _a9
650 4 _aВтора световна война - история
_9276224
653 _aВтора световна война
700 1 _aУстинов, Д. Ф.
_eглав. ред.
_9290461
760 1 _d1985
_h591 с. : с табл. ; 28 л. ил., портр., 5 л. к.
_nБиблиогр. под линия. - Хронол., именен и геогр. показалец
_tТ. 12 Резултати и уроци от Втората световна война
852 _aЦб 83384
856 4 _qpdf
_i0.00
_ldisable
856 4 _qpdf
_i0.00
_ldisable
942 _cKNG
_n0
_01
_s1
944 _aCR
_c13.06.2004
_kНаталия_Медовщикова
944 _aED
_c2022-10-24
_kир
999 _d61580